Word Ladder: Mardi Gras Dessert Quiz Stats

 Plays Quiz Updated Mar 5, 2019

Score 0/11 Timer 01:00
1 Play Today
Clue 4-Letter Word % Correct
Site of a boxing matchRING
98.8%
Group of wolvesPACK
97.3%
Site for a hockey gameRINK
97%
Walk back and forthPACE
96.2%
Competition of speedRACE
95.6%
General, major, or colonelRANK
95.6%
Large burlap bagSACK
94.4%
Dropped below the surfaceSANK
93.4%
Gardening toolRAKE
92.9%
☆ Mardi Gras dessert (with last rung) ☆
A male monarch
☆ KING ☆
91.8%
☆ Mardi Gras dessert (with first rung) ☆
Sweet celebratory baked good
☆ CAKE ☆
88.3%

Today's Daily Dose

Word Ladder
Lean on Me

Get the Picture
Superhero by Villain

You're not logged in!

Compare scores with friends on all Sporcle quizzes.
OR
Log In

Sporcle TV

Today on Sporcle TV


Watch our educational content, quiz creation guides, and fun videos on Sporcle TV.

Show Comments

Extras

Top Quizzes Today


Score Distribution

Your Account Isn't Verified!

In order to create a playlist on Sporcle, you need to verify the email address you used during registration. Go to your Sporcle Settings to finish the process.

Report this User

Report this user for behavior that violates our Community Guidelines.

Details: